| 000 | 00342nam a22001457a 4500 | ||
|---|---|---|---|
| 008 | 251118b |||||||| |||| 00| 0 eng d | ||
| 020 | _a9788189401238 | ||
| 050 |
_aTA545 _b.A76 |
||
| 100 | _aArora,K.R. | ||
| 245 | _aSURVEYING | ||
| 250 | _a15th ed. VOL.1 | ||
| 260 |
_aDelhi _bStandard Book House _c2015 |
||
| 300 | _axiv,690p. | ||
| 942 | _cBK | ||
| 999 |
_c4504 _d4504 |
||